000 00600nam a2200241Ia 4500
003 OSt
005 20221005131925.0
006 a|||||r|||| 00| 0
007 ta
008 221004b |||||||| |||| 00| 0 tam d
024 _a47285
037 _cTextual
040 _aCRL
_cCRL
_btam
041 _2tam
_atam
082 _aNR441:g, 31N7
100 _aVasanthamalai
_9640313
245 0 _aTamilanin esai nugar palakkam
260 _c1997
300 _a100
_ccm.
650 _aMUSIC
_917402
942 _hNR441:g, 31N7
_cTEXL
_2cc
999 _c1061850
_d1061850